It looks like you're offline.
Open Library logo
additional options menu

MARC record from Internet Archive

LEADER: 00748cam a2200229 a 4500
001 94037618
003 DLC
005 19960411174048.9
008 940922s1995 paua bc 001 0 eng
010 $a 94037618
020 $a0887407072 (soft)
040 $aDLC$cDLC$dDLC
043 $an-us---
050 00 $aNK6076.5$b.S36 1995
082 00 $a394.2/646$220
100 1 $aSchneider, Stuart L.
245 10 $aHalloween in America :$ba collector's guide with prices /$cStuart Schneider.
260 $aAtglen, PA :$bSchiffer Pub.,$cc1995.
300 $a208 p. :$bcol. ill. ;$c28 cm.
440 2 $aA Schiffer book for collectors
504 $aIncludes bibliographical references (p. [205]) and index.
650 0 $aHalloween$xCollectibles$zUnited States$xCatalogs.